000 00533nam a2200193 a 4500
001 1769935627196
003 YourLibrary
005 20260201143127.0
008 260201s2007##################000#0#eng##
020 _a9780073308944
082 0 4 _a332.6
_bBOD
100 1 _aBodie, Zvi,
_eauthor.
245 1 0 _aSolutions Manual to accompany Essentials of Investments :
260 _bMcGraw-Hill/Irwin,
_c2007.
300 _a224 pages
650 0 _aBusiness & Economics.
942 _cENGLISH
040 _aYourLibrary
_beng
_cYourLibrary
999 _c609651
_d609651